Desequilibrio económico en Centroamérica

Guardado en:
書目詳細資料
企業作者: BCIE. Gerencia de Programación y Promoción. Area de Estudios Económicos y Programación General
格式: Texto
語言:Spanish
出版: Tegucigalpa: Banco Centroamericano de Integración Económica
標簽: 添加標簽
沒有標簽, 成為第一個標記此記錄!

MARC

LEADER 00000 a a2200000 04500
001 21599
003 cru CRAI/IIS
005 20211118204815.0
008 211118b |||||||| |||| 00| 0 spa d
040 |c cru CRAI/IIS 
090 |a 095900  
110 |a BCIE. Gerencia de Programación y Promoción. Area de Estudios Económicos y Programación General  
245 |a Desequilibrio económico en Centroamérica  
260 |a Tegucigalpa:   |b Banco Centroamericano de Integración Económica  
300 |a 9 página 
505 |a Colección Centroamérica 
942 |2 ddc  |c LI 
999 |c 10779  |d 10779